La era del absolutismo.
Guardado en:
| Formato: | |
|---|---|
| Series: | La tradición de Occidente
|
| Materias: | |
| Etiquetas: |
Agregar Etiqueta
Sin Etiquetas, Sea el primero en etiquetar este registro!
|
| LEADER | 00775ngm a22002175g 4500 | ||
|---|---|---|---|
| 001 | CEM.cems022532 | ||
| 008 | 130507b2000##################0###0#####d | ||
| 005 | 20241106145216.0 | ||
| 245 | 0 | 0 | |a La era del absolutismo. |
| 300 | |a 27'. | ||
| 490 | 0 | |a La tradición de Occidente | |
| 500 | |a En soporte VHS, consultar en ventanilla. | ||
| 505 | 0 | |a Siglo XVII en Europa: el absolutismo. Conflicto entre los poderes políticos y religiosos. La ley y el orden. | |
| 538 | |a Soporte: VHS - Norma: Pal N - Color: Si - Grabación DRD 2000 - Hitachi=5070 | ||
| 082 | 9 | 3 | |/ WGB |
| 653 | |a HISTORIA MODERNA | ||
| 653 | |a OCCIDENTE | ||
| 653 | |a CRISTIANISMO | ||
| 653 | |a ABSOLUTISMO | ||
| 653 | |a NIVEL SECUNDARIO | ||
| 859 | |a CEMS |b BIB. CEMS - Depto. Recursos Didacticos |h 937 |i WGB |k DRD |p 1175.12 |t Ej.1 | ||
